<?xml version="1.0" encoding="UTF-8"?>
<record
    xmlns:xsi="http://www.w3.org/2001/XMLSchema-instance"
    xsi:schemaLocation="http://www.loc.gov/MARC21/slim http://www.loc.gov/standards/marcxml/schema/MARC21slim.xsd"
    xmlns="http://www.loc.gov/MARC21/slim">

  <leader>00734cam a22002291  4500</leader>
  <controlfield tag="001">ne 68000056 </controlfield>
  <controlfield tag="003">DLC</controlfield>
  <controlfield tag="005">20260227111836.0</controlfield>
  <controlfield tag="008">840321s1967    le            000 0 arar </controlfield>
  <datafield tag="010" ind1=" " ind2=" ">
    <subfield code="a">ne 68000056 </subfield>
  </datafield>
  <datafield tag="035" ind1=" " ind2=" ">
    <subfield code="a">(OCoLC)10546112</subfield>
  </datafield>
  <datafield tag="040" ind1=" " ind2=" ">
    <subfield code="a">DLC</subfield>
    <subfield code="c">TxU</subfield>
    <subfield code="d">TxU</subfield>
    <subfield code="d">DLC</subfield>
  </datafield>
  <datafield tag="042" ind1=" " ind2=" ">
    <subfield code="a">premarc</subfield>
  </datafield>
  <datafield tag="050" ind1="0" ind2="0">
    <subfield code="a">DS149</subfield>
    <subfield code="b">.S4828</subfield>
  </datafield>
  <datafield tag="100" ind1="1" ind2=" ">
    <subfield code="a">Sayegh, Fayez A.</subfield>
    <subfield code="q">(Fayez Abdullah),</subfield>
    <subfield code="d">1922-1980.</subfield>
  </datafield>
  <datafield tag="245" ind1="1" ind2="3">
    <subfield code="a">al-Dibl&#x16B;m&#x101;s&#x12B;yah al-&#x1E62;ahy&#x16B;n&#x12B;yah</subfield>
    <subfield code="c">[ta&#x2BC;l&#x12B;f] F&#x101;yiz &#x1E62;&#x101;yigh.</subfield>
  </datafield>
  <datafield tag="260" ind1=" " ind2=" ">
    <subfield code="a">Bayr&#x16B;t,</subfield>
    <subfield code="b">Muna&#x1E93;&#x1E93;amat al-Ta&#x1E25;r&#x12B;r al-Filas&#x1E6D;&#x12B;n&#x12B;yah, Markaz al-Ab&#x1E25;&#x101;th,</subfield>
    <subfield code="c">1967.</subfield>
  </datafield>
  <datafield tag="300" ind1=" " ind2=" ">
    <subfield code="a">224 p.</subfield>
    <subfield code="c">19 cm.</subfield>
  </datafield>
  <datafield tag="440" ind1=" " ind2="0">
    <subfield code="a">Dir&#x101;s&#x101;t Filas&#x1E6D;&#x12B;n&#x12B;yah,</subfield>
    <subfield code="v">13</subfield>
  </datafield>
  <datafield tag="504" ind1=" " ind2=" ">
    <subfield code="a">Bibliographical footnotes.</subfield>
  </datafield>
  <datafield tag="650" ind1=" " ind2="0">
    <subfield code="a">Zionism</subfield>
    <subfield code="x">History.</subfield>
  </datafield>
  <datafield tag="999" ind1=" " ind2=" ">
    <subfield code="c">49915</subfield>
    <subfield code="d">49915</subfield>
  </datafield>
</record>
